000 00426nam a2200157Ia 4500
008 220204s9999 xx 000 0 und d
082 _a630
_bSHA
100 _aSAHRMA, L C
245 0 _aDevelopment of forests and forest based industries
260 _aDehra Dun
_bBishen Singh
_c1978
650 _aForest based industry
650 _aMatch industry
650 _aPaper industry
650 _aPlywood industry
942 _cBK
999 _c40062
_d40062